Oclusión funcional (Registro nro. 494)

Detalles MARC
000 -Cabecera
Campo de control de longitud fija 00603aam a2200241 4500
005 - Fecha y hora de la última transacción
Campo de control 20251215115332.0
008 - Elementos de longitud fija--Información general
Campo de control de longitud fija 150731b1984 xxu||||| |||| 00| 0 spa d
020 ## - International Standard Book Number
Número Internacional Estándar del Libro (ISBN) 9682509459
041 ## - Idioma
Código de idioma Español
082 ## - Clasificación Decimal Dewey
Número de clasificación 617.6 A819o
100 ## - Entrada principal--Autor personal
Nombre personal Ash, Major
9 (RLIN) 18064
100 ## - Entrada principal--Autor personal
Nombre personal Ramfjord, Sigurd P.
9 (RLIN) 19273
245 ## - Título propiamente dicho
Título Oclusión funcional
260 ## - Pie de imprenta
Lugar de publicación, distribución, etc. México
260 ## - Pie de imprenta
Nombre del editor, distribuidor, etc. Nueva Edtitorial Interamericana
260 ## - Pie de imprenta
Fecha de publicación, distribución, etc. 1984
300 ## - Descripción física
Extensión 246 páginas
300 ## - Descripción física
Otras características físicas Ilustraciones a blanco y negro
490 ## - Serie
Título de la Serie Mecánica Dental
650 ## - Materia general
Temática (materia general) ODONTOLOGÍA
650 ## - Materia general
Temática (materia general) OCLUSIÓN
942 ## - Punto de acceso adicional KOHA
Tipo de ítem KOHA Libro
Fuente del sistema de clasificación o colocación Dewey Decimal Classification
Existencias
Signatura completa Código de barras Programa Académico Tipo de ítem
617.6 A819o 3394 Mecánica Dental Libro
617.6 A819o 3393 Mecánica Dental Libro